Bienvenido a nuestro catálago, Biblioteca Universidad Monteávila

Vista normal Vista MARC

Entrada Encabezamiento temático

Número de registros utilizados en: 12

001 - NÚMERO DE CONTROL

  • campo de control: 2677

003 - IDENTIFICADOR DEL NÚMERO DE CONTROL

  • campo de control: vecauma

005 - FECHA Y HORA DE LA ÚLTIMA TRANSACCIÓN

  • campo de control: 20220926160535.0

008 - DATOS DE LONGITUD FIJA

  • campo de control de longitud fija: 220926|| aca||aabn | a|a d

040 ## - FUENTE DE LA CATALOGACIÓN

  • Centro catalogador/agencia de origen: vecauma

053 ## - Número de clasificación LC

  • Número de clasificación–único número o número inicial: HD49
  • Número de clasificación–último número: HD49.6

150 ## - Materia

  • Encabezamiento temático: ADMINISTRACION DE LA CRISIS

450 ## - REFERENCIA DE “VEASE” MATERIA

  • Encabezamiento temático: Crisis management

450 ## - REFERENCIA DE “VEASE” MATERIA

  • Encabezamiento temático: Administración de crisis

450 ## - REFERENCIA DE “VEASE” MATERIA

  • Encabezamiento temático: Gerencia de crisis

450 ## - REFERENCIA DE “VEASE” MATERIA

  • Encabezamiento temático: Gestión de crisis

550 ## - REFERENCIA DE "VEASE ADEMAS" MATERIA

  • Encabezamiento temático: ADMINISTRACION
  • Subcampo de control : g

550 ## - REFERENCIA DE "VEASE ADEMAS" MATERIA

  • Encabezamiento temático: GESTION DE CONFLICTOS

550 ## - REFERENCIA DE "VEASE ADEMAS" MATERIA

  • Encabezamiento temático: RESOLUCION DE PROBLEMAS

550 ## - REFERENCIA DE "VEASE ADEMAS" MATERIA

  • Encabezamiento temático: TOMA DE DECISIONES

670 ## - FUENTE EN LA QUE SE LOCALIZARON DATOS

  • Cita de la fuente: Macrothesaurus de la OCDE, 1998
  • Información localizada: p. 20 (Administración de la crisis)

670 ## - FUENTE EN LA QUE SE LOCALIZARON DATOS

  • Cita de la fuente: Catálogo de Autoridades de la Biblioteca del Congreso, 2022
  • Información localizada: (Crisis management)

Copyright @ UMA Library
Universidad Monteávila Caracas, Venezuela

Edif. Sede principal Universidad Monteávila. Av. El Buen Pastor. Boleíta Norte. Caracas. 
Customized by Universidad Monteávila

Con tecnología Koha